Michigan Head Football Coaches by Picture - Statistics

General Stats
  • This quiz has been taken 19 times
  • The average score is 5 of 21
Answer Stats
Picture Hint Answer % Correct
2015-2023 Jim Harbaugh
94%
1969-1989 Bo Schembechler
76%
2024-Present Sherrone Moore
71%
1995-2007 Lloyd Carr
65%
2008-2010 Rich Rodriguez
53%
2011-2014 Brady Hoke
47%
1901-1923 | 1925-1926 Fielding H. Yost
24%
1938-1947 Fritz Crisler
24%
1990-1994 Gary Moeller
24%
1959-1968 Bump Elliott
12%
1948-1958 Bennie Oosterbaan
6%
1929-1937 Harry Kipke
6%
1892-1893 Frank Barbour
0%
1891 Frank Crawford
0%
1924 George Little
0%
1897-1899 Gustave Ferbert
0%
1900 Langdon Lea
0%
1891 Mike Murphy
0%
1927-1928 Tad Wieman
0%
1894-1895 William McCauley
0%
1896 William Ward
0%
No matching quizzes found
Score Distribution
Percent of People with Each Score
Percentile by Number Answered
Your Score History
You have not taken this quiz